000 00697cam a2200205 i 4500
005 20251210102714.0
008 250721s1994 ue gr 000 0 ara d
020 _a9771501186
082 1 4 _a216.23
_bب ر
100 1 _aالبر، عبد الرحمن
_eمؤلف.
245 1 0 _aرياض الصائمين /
_cتاليف الدكتور عبدالرحمن البر.
250 _aالطبعة الاولى.
264 3 1 _aالمنصورة :
_bدار الوفاء للطباعة والنشر،
_c1994.
300 _a207صفحة.
650 1 7 _aالفقه الإسلامي.
650 1 7 _aالصوم.
650 1 7 _aالأحكام الشرعية.
942 _2ddc
_cBK
999 _c97656
_d97656